[Obchod s ojazdenými automobilmi]

Z obsahu: Obchod s ojazdenými autami brzdí kúpyschopnosť ľudí a podmienky dovozu. Tvár trhu v najbohatších štátoch EÚ mení rozmach operatívneho lízingu. Cezhraničný nákup nových a ojazdených vozidiel na jednotnom trhu EÚ. Lízing má čoraz viac priaznivcov. Najlepšie sa predávajú autá s dokladovanou h...

Ausführliche Beschreibung

Gespeichert in:
Bibliographische Detailangaben
1. Verfasser: Prosnan, Jozef
Format: Buchkapitel
Sprache:Slowakisch
Schlagworte:
Tags: Tag hinzufügen
Keine Tags, Fügen Sie das erste Tag hinzu!

MARC

LEADER 00000naa$a2200000$$$4500
001 0004178
005 20231009074645.4
041 0 |a slo 
044 |a SK 
245 1 0 |a [Obchod s ojazdenými automobilmi]  |c Jozef Prosnan ... [ et al. ] 
520 |a Z obsahu: Obchod s ojazdenými autami brzdí kúpyschopnosť ľudí a podmienky dovozu. Tvár trhu v najbohatších štátoch EÚ mení rozmach operatívneho lízingu. Cezhraničný nákup nových a ojazdených vozidiel na jednotnom trhu EÚ. Lízing má čoraz viac priaznivcov. Najlepšie sa predávajú autá s dokladovanou históriou. Podmienky poisťovania sú zhodné bez ohľadu na vek auta. Ako nekúpiť mačku vo vreci. 
610 2 0 |a automobily 
610 2 0 |a predaj 
610 2 0 |a dovoz 
610 2 0 |a kúpyschopnosť 
610 2 0 |a lízing 
610 2 0 |a lízing operatívny 
610 2 0 |a trh 
610 2 0 |a Európska únia 
610 2 0 |a poistenie 
100 1 |a Prosnan, Jozef